000 00314nam a2200145Ia 4500
100 _aPeel/Malcom/ Lamb/Jon
942 _cBK
654 _apresentation
245 _aPresentation in a week
260 _bHadder and Stoughton
_c2002
082 _a658.452
_bPEE
300 _a96
546 _aENGLISH
999 _c25153
_d25153